| 000 | 00548nam a22001937a 4500 | ||
|---|---|---|---|
| 999 |
_c172663 _d172663 |
||
| 005 | 20200210151506.0 | ||
| 010 | _a394118 | ||
| 020 | _c3.50 | ||
| 035 | _a394118 | ||
| 037 | _bBPPD/Pub. | ||
| 082 | _a900 | ||
| 100 | _aمحمد مجیب | ||
| 245 |
_aدونیا کی کہانی / _cمحمد مجیب |
||
| 246 |
_aDuniya Ki Kahani (Urdu) / _bby Mohammed Mujeeb |
||
| 260 |
_aNew Delhi _bMaktaba Jamia _c1965 ء |
||
| 270 |
_aJamia Nagar _bNew Delhi _e110025 |
||
| 300 |
_a203p. _c19cm(Hb) |
||
| 942 |
_2ddc _cUR _h900 _mم ح م |
||